[Event "Reykjavik Open 2018"]
[Site "Reykjavik ISL"]
[Date "2018.03.07"]
[Round "2.82"]
[White "Sigurdsson, Birkir Karl"]
[Black "Sigurthorsson, Kristinn J"]
[Result "1-0"]
[WhiteElo "1928"]
[BlackElo "1744"]
[WhiteFideId "2304180"]
[BlackFideId "2311585"]
[EventDate "2018.03.06"]

1. d4 Nf6 2. c4 d5 3. Nc3 c6 4. Nf3 g6 5. cxd5 cxd5 6. Bf4 Bg7 7. e3 a6 8. Bd3
Bg4 9. h3 Bxf3 10. Qxf3 O-O 11. O-O e6 12. Rac1 b5 13. a4 b4 14. Nb1 Ra7 15. Nd2
Qd7 16. Bc2 Qb7 17. Nb3 Nbd7 18. Bd3 a5 19. Rc7 Qa8 20. Rxa7 Qxa7 21. Rc1 Qa8
22. Qe2 Nb6 23. Bb5 Rc8 24. Rxc8+ Qxc8 25. Nxa5 Qa8 26. Nc6 Nxa4 27. Qc2 Nb6 28.
Bd6 h5 29. Bxb4 Qa1+ 30. Kh2 h4 31. Bd3 Nc4 32. b3 Na3 33. Qe2 Ne4 34. Bxe4 dxe4
35. Qg4 Bf6 36. Qxe4 Nb5 37. Ne5 Qa6 38. Qf4 Kg7 39. Ng4 1-0

[Event "Reykjavik Open 2018"]
[Site "Reykjavik ISL"]
[Date "2018.03.07"]
[Round "2.83"]
[White "Huber-Delle, Guenther"]
[Black "Meyer, Juergen"]
[Result "1/2-1/2"]
[WhiteElo "1665"]
[BlackElo "1926"]
[WhiteFideId "30904056"]
[BlackFideId "24661759"]
[EventDate "2018.03.06"]

1. e4 e6 2. d4 d5 3. Nc3 Nf6 4. e5 Nfd7 5. f4 c5 6. Nf3 Nc6 7. Be3 a6 8. a4 Qb6
9. Rb1 cxd4 10. Nxd4 Qb4 11. Nxc6 bxc6 12. Bd2 Qd4 13. Qf3 Bb4 14. Qd3 Qxd3 15.
Bxd3 Nc5 16. b3 Nxd3+ 17. cxd3 c5 18. Na2 a5 19. Bxb4 cxb4 20. Kd2 Bb7 21. d4
Kd7 22. Rbc1 Rhc8 23. Rxc8 Rxc8 24. Rc1 Rxc1 25. Nxc1 Ba6 26. g4 Ke7 27. Ke3 f6
28. h4 fxe5 29. fxe5 Kf7 30. Kf4 1/2-1/2

[Event "Reykjavik Open 2018"]
[Site "Reykjavik ISL"]
[Date "2018.03.07"]
[Round "2.84"]
[White "Valtysson, Thor"]
[Black "Kurt, Herbert"]
[Result "1-0"]
[WhiteElo "1922"]
[BlackElo "1682"]
[WhiteFideId "2301903"]
[BlackFideId "16232526"]
[EventDate "2018.03.06"]

1. d4 Nf6 2. Nf3 g6 3. Bf4 Bg7 4. e3 O-O 5. Be2 d6 6. h3 Nbd7 7. O-O c5 8. c3
Qb6 9. Qc2 a6 10. Nbd2 Re8 11. a4 Qd8 12. a5 Rb8 13. Bc4 b5 14. Bxf7+ Kh8 15.
Bxe8 Qxe8 16. Bh2 c4 17. b3 cxb3 18. Qxb3 h6 19. Rfe1 Bb7 20. e4 Rc8 21. c4 e5
22. cxb5 axb5 23. dxe5 Nc5 24. Qb1 dxe5 25. Bxe5 Rd8 26. Ra3 Qd7 27. Bxf6 Bxf6
28. e5 Bg7 29. Qxg6 Nd3 30. e6 Qd6 31. Rxd3 Qxd3 32. Qxd3 Rxd3 33. e7 1-0

[Event "Reykjavik Open 2018"]
[Site "Reykjavik ISL"]
[Date "2018.03.07"]
[Round "2.86"]
[White "Arvidsson, Jonas"]
[Black "Kvamme, Ingrid Jodre"]
[Result "1-0"]
[WhiteElo "1913"]
[BlackElo "1576"]
[WhiteFideId "1717839"]
[BlackFideId "1516981"]
[EventDate "2018.03.06"]

1. e4 c5 2. Nf3 g6 3. d4 cxd4 4. Nxd4 Nc6 5. Nc3 Bg7 6. Be3 Nf6 7. Bc4 Qa5 8. f3
Qb4 9. Nxc6 Qxc4 10. Ne5 Qc7 11. Nd3 O-O 12. Qd2 Rd8 13. e5 Ne8 14. Nd5 Qc4 15.
Nxe7+ Kh8 16. Bg5 f6 17. exf6 Nxf6 18. O-O d6 19. b3 Qc7 20. Nxc8 Raxc8 21. Rac1
Re8 22. Bh6 Nd5 23. Bxg7+ Kxg7 24. c4 Ne3 25. Rfe1 Qb6 26. Kh1 Re7 27. c5 dxc5
28. Rxe3 Rd7 29. Qc3+ Kg8 30. Rce1 Qd6 31. Ne5 Rdd8 32. Nc4 Qd4 33. Qxd4 cxd4
34. Rd3 Kf7 35. Ne5+ Kf6 36. Ng4+ Kf7 37. h3 Rc3 38. Rxc3 dxc3 39. Rc1 Rc8 40.
Ne3 Ke6 41. Nd1 Kd5 42. Nxc3+ Ke5 43. f4+ Ke6 44. Kg1 Rd8 45. Rd1 Rc8 46. Rd3
Rc5 47. Kf2 g5 48. Re3+ Kf5 49. Re5+ Rxe5 50. fxe5 Kxe5 51. Ke3 a6 52. Ne4 h6
53. Nc5 1-0

[Event "Reykjavik Open 2018"]
[Site "Reykjavik ISL"]
[Date "2018.03.07"]
[Round "2.87"]
[White "Marshall, Michael"]
[Black "Piovar, Jaroslav"]
[Result "1-0"]
[WhiteElo "1890"]
[BlackElo "1592"]
[WhiteFideId "1409956"]
[BlackFideId "14927004"]
[EventDate "2018.03.06"]

1. d4 d5 2. Bf4 e6 3. e3 c5 4. Nc3 c4 5. Nf3 Nc6 6. Be2 Bd6 7. Bg5 Be7 8. Bf4
Bd6 9. Bg5 Nf6 10. e4 Be7 11. e5 Nd7 12. Bxe7 Qxe7 13. O-O a6 14. a4 f6 15. exf6
Nxf6 16. Re1 O-O 17. b3 cxb3 18. cxb3 Bd7 19. Rc1 Qd6 20. Bd3 Nb4 21. Bb1 Rac8
22. Qd2 h6 23. Ne5 Be8 24. Re3 Nc6 25. Rce1 Nh5 26. Qd3 Nf6 27. Nxc6 Bxc6 28.
Rxe6 Qd7 29. Re7 Qg4 30. h3 Qg5 31. R7e5 Qf4 32. g3 Qe4 33. Nxe4 dxe4 34. Qd2
Bd7 35. Bxe4 Bxh3 36. Bb1 Ng4 37. f4 Nxe5 38. dxe5 Rc6 39. Kh2 Bf5 40. Bxf5 Rxf5
41. e6 Rfc5 42. Qd8+ Kh7 43. e7 Rh5+ 44. Kg2 Rc2+ 45. Kf3 Rhh2 46. e8=Q Rhf2+
47. Ke3 Rg2 48. Qd3+ 1-0

[Event "Reykjavik Open 2018"]
[Site "Reykjavik ISL"]
[Date "2018.03.07"]
[Round "2.88"]
[White "Kreken, Eivind Grunt"]
[Black "Ilkov, Dani"]
[Result "1/2-1/2"]
[WhiteElo "1612"]
[BlackElo "1841"]
[WhiteFideId "1532359"]
[BlackFideId "2926849"]
[EventDate "2018.03.06"]

1. e4 e5 2. Nf3 Nc6 3. Bc4 Nf6 4. d3 Be7 5. c3 O-O 6. O-O d6 7. Nbd2 Na5 8. Bb5
a6 9. Ba4 b5 10. Bc2 c5 11. d4 exd4 12. cxd4 cxd4 13. Nxd4 Bb7 14. Re1 Re8 15.
Nf1 Bf8 16. Ng3 g6 17. Bf4 Nc4 18. Qc1 Bg7 19. Bg5 Qb6 20. Nb3 Ng4 21. Qf4 h6
22. Qxg4 hxg5 23. Qxg5 Nxb2 24. Rac1 Qd8 25. Qxd8 Raxd8 26. f3 d5 27. exd5 Bxd5
28. Rxe8+ Rxe8 29. Kf2 Bxb3 30. axb3 Rc8 31. Ne2 a5 32. Bb1 Rxc1 33. Nxc1 a4 34.
bxa4 bxa4 35. Na2 a3 36. Ke2 Na4 37. Kd2 Bb2 38. Kd3 Kg7 39. Ke4 Nc3+ 40. Nxc3
Bxc3 41. Ba2 f5+ 42. Ke3 g5 43. g4 1/2-1/2

[Event "Reykjavik Open 2018"]
[Site "Reykjavik ISL"]
[Date "2018.03.07"]
[Round "2.89"]
[White "Davidsson, Stefan Orri"]
[Black "Bjarnason, Olafur"]
[Result "0-1"]
[WhiteElo "1365"]
[BlackElo "1826"]
[WhiteFideId "2311399"]
[BlackFideId "2316501"]
[EventDate "2018.03.06"]

1. e4 c5 2. c3 d6 3. d4 cxd4 4. cxd4 g6 5. Bc4 Bg7 6. Nf3 e6 7. d5 e5 8. O-O Ne7
9. Nc3 O-O 10. Be3 Bg4 11. h3 Bxf3 12. Qxf3 f5 13. Bg5 Nd7 14. exf5 gxf5 15. Nb5
Nf6 16. Qg3 f4 17. Qh4 Nf5 18. Bxf6 Rxf6 19. Qg4 Nh6 20. Qe2 f3 21. gxf3 Qd7 22.
Kh2 Raf8 23. Rg1 Rxf3 24. Rg2 Qxh3+ 25. Kg1 Nf5 26. Rh2 Qg4+ 27. Rg2 Qf4 28. Bd3
Nh4 29. Qe4 Rxd3 30. Qxd3 Nxg2 31. Kxg2 Qxf2+ 32. Kh1 Rf6 33. Qh3 Rh6 34. Qxh6
Bxh6 35. Nxd6 Qf3+ 36. Kg1 Be3+ 37. Kh2 Bf2 38. Rf1 Qg3+ 39. Kh1 Qh3# 0-1

[Event "Reykjavik Open 2018"]
[Site "Reykjavik ISL"]
[Date "2018.03.07"]
[Round "2.91"]
[White "Stefansson, Benedikt"]
[Black "Halldorsson, Hjorleifur"]
[Result "0-1"]
[WhiteElo "1297"]
[BlackElo "1792"]
[WhiteFideId "2312379"]
[BlackFideId "2303647"]
[EventDate "2018.03.06"]

1. e4 e5 2. Nf3 Nc6 3. Bc4 Bc5 4. c3 Qf6 5. d3 h6 6. a4 a6 7. b4 Ba7 8. O-O d6
9. Nbd2 Nge7 10. Re1 Bg4 11. Nf1 Bxf3 12. Qxf3 Qxf3 13. gxf3 Ng6 14. Bb3 Nh4 15.
Bd1 g5 16. h3 f6 17. Nh2 Ke7 18. Be3 Nd8 19. Bb3 Ne6 20. Bxe6 Kxe6 21. Kf1 Rh7
22. Bxa7 Rxa7 23. Ke2 Ng2 24. Rh1 Nf4+ 25. Ke3 Ra8 26. Rag1 Nxh3 27. Ra1 Nf4 28.
d4 h5 29. Nf1 h4 30. Ng3 Rd7 31. d5+ Kf7 32. Nf5 Ng6 33. c4 Ne7 34. Nxh4 gxh4
35. Rxh4 Rg8 36. Rh7+ Rg7 37. Rh6 f5 38. Rah1 Rd8 39. Re6 fxe4 40. Kxe4 Ng8 41.
Rh5 Nf6+ 42. Rxf6+ Kxf6 43. c5 b6 0-1

[Event "Reykjavik Open 2018"]
[Site "Reykjavik ISL"]
[Date "2018.03.07"]
[Round "2.92"]
[White "Shaw, Robin A"]
[Black "Gudmundsson, Gunnar Erik"]
[Result "1-0"]
[WhiteElo "1770"]
[BlackElo "1511"]
[WhiteFideId "3204677"]
[BlackFideId "2314339"]
[EventDate "2018.03.06"]

1. c4 e5 2. Nc3 Nf6 3. e4 c6 4. Nf3 Qc7 5. d4 d6 6. d5 Be7 7. h3 Nbd7 8. Be3 O-O
9. Be2 b6 10. dxc6 Qxc6 11. Nd5 Bd8 12. Nd2 Bb7 13. Rc1 Nc5 14. Qc2 Rc8 15. b4
Ne6 16. Nb3 Nc7 17. Qb1 Qe8 18. O-O b5 19. Nxf6+ Bxf6 20. c5 d5 21. exd5 Bxd5
22. Rfd1 Bc6 23. Bg4 Rd8 24. Rxd8 Bxd8 25. Rd1 Nd5 26. Bd2 h6 27. Re1 Bf6 28.
Bf3 Qa8 29. Na5 Ne7 30. Nxc6 Nxc6 31. Qe4 Rc8 32. Bc3 Qb8 33. Bg4 Rc7 34. Rd1
Qe8 35. a3 a6 36. Rd6 Be7 37. Rd1 Bf6 38. Rd6 Be7 39. Rd5 Bf6 40. Rd1 Kh8 41.
Bf3 Kg8 42. Rd6 Nb8 43. Qa8 Kf8 44. Qe4 Kg8 45. Qa8 Kf8 46. Bg4 h5 47. Bxh5 Rc8
48. Qe4 Kg8 49. Bf3 a5 50. Be2 axb4 51. axb4 Rc7 52. Rb6 Nd7 53. Rxb5 Ra7 54. c6
Nb8 55. Bd4 Rc7 56. Rb7 Rxc6 57. Bc5 Rc8 58. Kh2 Rd8 59. Bh5 Nd7 60. Qf5 Nxc5
61. bxc5 Qf8 62. c6 Qc5 63. c7 Rc8 1-0

[Event "Reykjavik Open 2018"]
[Site "Reykjavik ISL"]
[Date "2018.03.07"]
[Round "2.93"]
[White "Lima, Steinar"]
[Black "Valette, Christian"]
[Result "0-1"]
[WhiteElo "1637"]
[BlackElo "2022"]
[WhiteFideId "1542290"]
[BlackFideId "613940"]
[EventDate "2018.03.06"]

1. d4 Nf6 2. c4 e6 3. Nc3 Bb4 4. Nf3 b6 5. Bf4 Bb7 6. e3 Ne4 7. Rc1 O-O 8. Bd3
f5 9. O-O Nxc3 10. bxc3 Be7 11. Qc2 g5 12. Bg3 Bxf3 13. gxf3 Rf7 14. f4 g4 15.
e4 Qf8 16. f3 h5 17. fxg4 h4 18. Bf2 fxg4 19. Be3 Nc6 20. Rf2 Qh6 21. Kh1 Rg7
22. Rg1 Rf8 23. Qd2 g3 24. Rfg2 Nd8 25. f5 Bg5 26. Bxg5 Rxg5 27. fxe6 Nxe6 28.
Qe3 Nf4 29. Rb2 Qg6 30. Bf1 Nh5 31. Bh3 Nf4 32. Bf5 g2+ 33. Rgxg2 Nxg2 34. Qxg5
Qxg5 35. Rxg2 Qxg2+ 36. Kxg2 d6 37. Kh3 Kg7 38. Kxh4 c5 39. Kg5 Rh8 40. h3 Kf7
41. Bg4 Kg7 42. e5 dxe5 43. dxe5 Rd8 44. e6 Rd3 45. Bh5 Re3 46. Kf5 Rxh3 47. Kg5
Re3 48. Kf5 Re1 49. a4 Kf8 50. Kf6 Rf1+ 51. Ke5 Ke7 52. Kd5 Rf5+ 53. Kc6 Rxh5
54. Kb7 Rh6 55. Kxa7 Rxe6 56. Kb7 Kd8 57. Ka6 Kc7 58. Kb5 Re2 0-1

[Event "Reykjavik Open 2018"]
[Site "Reykjavik ISL"]
[Date "2018.03.07"]
[Round "2.94"]
[White "Van den Bersselaar, Henri"]
[Black "Hannesson, Sigurdur Orn"]
[Result "1-0"]
[WhiteElo "1956"]
[BlackElo "1623"]
[WhiteFideId "1022032"]
[BlackFideId "2316056"]
[EventDate "2018.03.06"]

1. d4 Nf6 2. Nf3 d5 3. Bf4 Bf5 4. e3 c6 5. c4 e6 6. Qb3 Qb6 7. c5 Qxb3 8. axb3
Bxb1 9. Rxb1 b6 10. b4 b5 11. Bxb8 Rxb8 12. Ne5 Rc8 13. Ra1 Nd7 14. Nxd7 Kxd7
15. Rxa7+ Rc7 16. Ra5 Be7 17. Bd3 g6 18. Ke2 Rhc8 19. g4 f5 20. h3 Bf6 21. f4
Re8 22. Kf3 h6 23. gxf5 gxf5 24. Rg1 Rf8 25. Rg6 h5 26. Kg3 h4+ 27. Kf2 Rf7 28.
Ke2 Rf8 29. Kd2 Rf7 30. Kc2 Rf8 31. Kb3 Rf7 32. Ra1 Rb7 33. Be2 Be7 34. Rg8 Bf6
35. Rag1 Kc7 36. Bh5 Rh7 37. R1g6 Rf7 38. Rh6 Rg7 39. Rxg7+ Bxg7 40. Rxe6 Kd7
41. Rd6+ Kc7 42. Be8 Kb8 43. Re6 Bf8 44. Bxc6 Rg7 45. Bxb5 Rg3 46. Bf1 Bg7 47.
Kc3 Kc8 48. Kd3 Kd7 49. Rd6+ Kc7 50. Rxd5 1-0

[Event "Reykjavik Open 2018"]
[Site "Reykjavik ISL"]
[Date "2018.03.07"]
[Round "2.95"]
[White "Briem, Benedikt"]
[Black "Mancini, Giustino"]
[Result "1-0"]
[WhiteElo "1560"]
[BlackElo "1905"]
[WhiteFideId "2315432"]
[BlackFideId "806285"]
[EventDate "2018.03.06"]

1. d4 d5 2. Bf4 Bf5 3. e3 e6 4. Bd3 Bxd3 5. Qxd3 c6 6. Nf3 Ne7 7. Nbd2 Ng6 8.
Bg3 Bd6 9. c3 Bxg3 10. hxg3 Nd7 11. Rd1 h6 12. O-O O-O 13. e4 dxe4 14. Nxe4 Qc7
15. Rfe1 Rad8 16. Qc2 Rfe8 17. Ned2 Re7 18. Qa4 Nb6 19. Qa5 Red7 20. b3 Nd5 21.
Qxc7 Nxc7 22. Nc4 c5 23. Nce5 Nxe5 24. Rxe5 Rd5 25. Rxd5 Nxd5 26. dxc5 Rc8 27.
c4 Nc3 28. Rd7 b5 29. cxb6 axb6 30. Rb7 b5 31. cxb5 Nxa2 32. b6 Nb4 33. Rc7 Rb8
34. b7 Na6 35. Rc6 Rxb7 36. Rxa6 Rxb3 37. g4 Rb4 38. g5 Rg4 39. gxh6 gxh6 40.
Ra7 Re4 41. g3 Kg7 42. Kg2 Re2 43. Nd4 Re4 44. Nc2 Rc4 45. Ne3 Rb4 46. Rc7 h5
47. Rc4 Rb5 48. Rf4 Ra5 49. Nc4 Rc5 50. Nd6 f5 51. Rh4 Kg6 52. Nc4 Rb5 53. Nd2
Rd5 54. Nf3 Ra5 55. Rb4 1-0

[Event "Reykjavik Open 2018"]
[Site "Reykjavik ISL"]
[Date "2018.03.07"]
[Round "2.96"]
[White "Morgan, George"]
[Black "Pedersen, Lars Wisler"]
[Result "0-1"]
[WhiteElo "1536"]
[BlackElo "1842"]
[WhiteFideId "3227340"]
[BlackFideId "1417045"]
[EventDate "2018.03.06"]

1. e4 c5 2. Nc3 Nc6 3. f4 d6 4. Bc4 g6 5. Nf3 Bg7 6. O-O Nf6 7. d3 O-O 8. Qe1 e6
9. f5 exf5 10. Qh4 Nh5 11. Bg5 Bf6 12. Bxf6 Qxf6 13. Qxf6 Nxf6 14. Nh4 Be6 15.
exf5 Bxc4 16. dxc4 Nd4 17. fxg6 fxg6 18. Rad1 Ng4 19. Rxf8+ Rxf8 20. Nf3 Ne3 21.
Rd3 Nexc2 22. Ne4 Ne1 23. Re3 Nexf3+ 24. gxf3 Nxf3+ 25. Kg2 Nh4+ 26. Kh3 Nf5 27.
Rd3 Rf7 28. a3 Rf8 29. Rf3 h6 30. b4 b6 31. Kg4 Kf7 32. h4 Ke6 33. Nc3 0-1

[Event "Reykjavik Open 2018"]
[Site "Reykjavik ISL"]
[Date "2018.03.07"]
[Round "2.97"]
[White "Walker, Gordon J"]
[Black "Chan, Daniel"]
[Result "0-1"]
[WhiteElo "1509"]
[BlackElo "1816"]
[WhiteFideId "2406497"]
[BlackFideId "142050"]
[EventDate "2018.03.06"]

1. Nf3 e6 2. e4 d5 3. d4 dxe4 4. Ne5 Nf6 5. Bg5 Be7 6. c3 Nbd7 7. Qc2 O-O 8. Nd2
e3 9. Bxe3 Nd5 10. Ndf3 Nxe3 11. fxe3 c5 12. O-O-O Qc7 13. Bd3 h6 14. Qf2 Bf6
15. Ng4 cxd4 16. exd4 Qf4+ 17. Ne3 Rb8 18. g3 Qc7 19. Rhf1 b5 20. Kb1 b4 21. c4
Bb7 22. b3 a5 23. Nc2 Bc6 24. Qd2 a4 25. Nxb4 Bxf3 26. Rxf3 Qb7 27. Be2 Qxb4 28.
Qxb4 Rxb4 29. Kc2 Rfb8 30. d5 exd5 31. Rxd5 Ne5 32. Re3 Nc6 33. Bd1 Nd4+ 34. Kc1
Bg5 35. Rxg5 hxg5 36. Rd3 axb3 37. axb3 Nxb3+ 0-1

[Event "Reykjavik Open 2018"]
[Site "Reykjavik ISL"]
[Date "2018.03.07"]
[Round "2.98"]
[White "Danielsson, Sigurdur"]
[Black "Sigurvaldason, Hjalmar"]
[Result "0-1"]
[WhiteElo "1791"]
[BlackElo "1499"]
[WhiteFideId "2301792"]
[BlackFideId "2306018"]
[EventDate "2018.03.06"]

1. e4 c5 2. b4 d5 3. exd5 Qxd5 4. Nc3 Qe6+ 5. Qe2 Qxe2+ 6. Bxe2 e6 7. bxc5 Bxc5
8. Ne4 Be7 9. Bb2 Nf6 10. Nxf6+ gxf6 11. Nf3 Rg8 12. O-O e5 13. Kh1 Nc6 14. Bb5
a6 15. Bd3 h5 16. Rfe1 Be6 17. Be4 O-O-O 18. Bxc6 bxc6 19. d4 h4 20. h3 Bd5 21.
Nxh4 Rg5 22. Re3 Bd6 23. Nf3 Rh5 24. dxe5 fxe5 25. Nxe5 Rg8 26. f3 f5 27. c4 Be6
28. Rc1 f4 29. Re2 Bc5 30. Nxc6 Bd7 31. Ne5 Bf5 32. Rd1 Rg3 33. Bc1 Bxh3 34.
gxh3 Rgxh3+ 0-1

[Event "Reykjavik Open 2018"]
[Site "Reykjavik ISL"]
[Date "2018.03.07"]
[Round "2.99"]
[White "Alexandersson, Orn"]
[Black "Ontiveros, John"]
[Result "1-0"]
[WhiteElo "1466"]
[BlackElo "1736"]
[WhiteFideId "2315912"]
[BlackFideId "2303981"]
[EventDate "2018.03.06"]

1. d4 Nf6 2. c4 e6 3. Nf3 b6 4. a3 Bb7 5. Nc3 c5 6. d5 exd5 7. cxd5 d6 8. e4
Nbd7 9. Bf4 Nh5 10. Bg3 Nxg3 11. hxg3 g6 12. Qd2 Bg7 13. O-O-O Qe7 14. Nb5 O-O
15. Qf4 f5 16. Qxd6 Qxd6 17. Nxd6 fxe4 18. Nxe4 Ne5 19. Nxe5 Bxe5 20. Bc4 Bc8
21. d6+ Kg7 22. d7 Bb7 23. Ng5 Bd4 24. Ne6+ Kh8 25. Nxf8 Rxf8 26. f3 Bc6 27. Be6
Rd8 28. Bf7 Kg7 29. Be8 Bxd7 30. Bxd7 Rxd7 31. g4 Kf6 32. Rde1 Be5 33. g5+ Kf5
34. g4+ Kf4 35. Re4+ 1-0

[Event "Reykjavik Open 2018"]
[Site "Reykjavik ISL"]
[Date "2018.03.07"]
[Round "2.100"]
[White "Magnusdottir, Veronika Steinunn"]
[Black "Magnusson, Thorsteinn"]
[Result "1-0"]
[WhiteElo "1735"]
[BlackElo "1435"]
[WhiteFideId "2309114"]
[BlackFideId "2310287"]
[EventDate "2018.03.06"]

1. e4 e6 2. d4 d5 3. Nd2 Be7 4. Bd3 Nf6 5. e5 Nfd7 6. Qg4 g6 7. h4 h5 8. Qg3 c5
9. c3 Nc6 10. Ne2 cxd4 11. cxd4 Nb4 12. Bb1 Qc7 13. Nc3 Nc6 14. Nb3 Qb6 15. Be3
a5 16. Bc1 a4 17. Nd2 Nxd4 18. O-O Qd8 19. Qf4 Nc6 20. Nf3 Qc7 21. Re1 Bb4 22.
Bd2 Nb6 23. Nb5 Qe7 24. Bxb4 Nxb4 25. Nd6+ Kf8 26. Qxb4 Nc4 27. Bd3 b5 28. Rac1
Ba6 29. Nd4 1-0

[Event "Reykjavik Open 2018"]
[Site "Reykjavik ISL"]
[Date "2018.03.07"]
[Round "2.101"]
[White "Hestnes, Thomas Due"]
[Black "Carroll, Peter"]
[Result "0-1"]
[WhiteElo "1425"]
[BlackElo "1733"]
[WhiteFideId "1542281"]
[BlackFideId "2510243"]
[EventDate "2018.03.06"]

1. d4 Nf6 2. Bf4 g6 3. Nf3 Bg7 4. e3 O-O 5. Bd3 d6 6. c4 Nfd7 7. Nc3 e5 8. dxe5
dxe5 9. Bg5 f6 10. Bh4 g5 11. Bg3 f5 12. h4 g4 13. Nd2 Nc5 14. Bc2 f4 15. Bh2
Qxh4 16. Nf3 gxf3 17. Qd5+ Ne6 18. Qxf3 fxe3 19. Qxe3 Bh6 20. Qg3+ Qxg3 21. Bxg3
Bf4 22. Bxh7+ Kg7 23. Bxf4 Nxf4 24. Be4 Ng6 25. O-O-O c6 26. Rd6 Rf6 27. Rd8 Bf5
28. Rhd1 Bxe4 29. Nxe4 Rf8 30. Nc5 Kf7 31. Rxf8+ Nxf8 32. Rd8 Ke7 33. Rc8 Nfd7
34. Ne4 Nb6 35. Rc7+ N8d7 36. Rxb7 Nxc4 37. Nc5 Nb6 38. a4 Kd6 39. Ne4+ Kd5 40.
Nc3+ Ke6 41. a5 Nd5 42. Ne4 Nf4 43. g3 Nd3+ 44. Kc2 N7c5 45. Nxc5+ Nxc5 46. Rc7
Kd5 47. f4 exf4 48. gxf4 Ne6 49. Rd7+ Kc5 50. f5 Nd4+ 0-1

[Event "Reykjavik Open 2018"]
[Site "Reykjavik ISL"]
[Date "2018.03.07"]
[Round "2.102"]
[White "Einarsson, Oskar Long"]
[Black "Haile, Batel Goitom"]
[Result "0-1"]
[WhiteElo "1729"]
[BlackElo "1361"]
[WhiteFideId "2309220"]
[BlackFideId "2315190"]
[EventDate "2018.03.06"]

1. e4 c5 2. Nf3 d6 3. d4 cxd4 4. Nxd4 Nf6 5. Nc3 a6 6. Be3 e5 7. Nf3 b5 8. Nd5
Nbd7 9. Bg5 h6 10. Nxf6+ Nxf6 11. Bxf6 Qxf6 12. Qd5 Ra7 13. Qc6+ Bd7 14. Qb6 Ra8
15. a4 Qd8 16. Qxd8+ Rxd8 17. axb5 axb5 18. Bd3 Be7 19. O-O O-O 20. Ra5 Rb8 21.
Ra7 Rfd8 22. Rfa1 Kf8 23. Rc7 Be6 24. Raa7 Bf6 25. b3 d5 26. h3 g6 27. Kh2 b4
28. g4 g5 29. Kg3 Rdc8 30. Rxc8+ Rxc8 31. Rb7 Be7 32. Kg2 f6 33. Kg3 d4 34. Ng1
Bxb3 35. Kf3 Bxc2 36. Ke2 b3 37. Kd2 Ba3 38. Ne2 Bxd3 39. Kxd3 b2 40. Kd2 Rc4
41. f3 Bb4+ 42. Kd3 b1=Q+ 43. Kxc4 Qa2+ 0-1

[Event "Reykjavik Open 2018"]
[Site "Reykjavik ISL"]
[Date "2018.03.07"]
[Round "2.103"]
[White "Signyjarson, Arnar Smari"]
[Black "Miranda Herrera, Miguel"]
[Result "0-1"]
[WhiteElo "1351"]
[BlackElo "1722"]
[WhiteFideId "2316340"]
[BlackFideId "24507067"]
[EventDate "2018.03.06"]

1. e4 c5 2. Nf3 d6 3. d4 cxd4 4. Nxd4 Nf6 5. Nc3 a6 6. Be3 Ng4 7. Bc1 b5 8. Be2
Nf6 9. f3 Nbd7 10. Be3 Nc5 11. Qd2 Bb7 12. O-O-O Rc8 13. b4 Ncd7 14. Nb3 Qc7 15.
Nb1 Ne5 16. Na3 e6 17. Kb1 Bxe4 18. Bd3 Nxf3 19. gxf3 Bxf3 20. Rhf1 Bxd1 21.
Rxd1 Nd5 22. Bd4 Nc3+ 23. Bxc3 Qxc3 24. Qxc3 Rxc3 25. Kb2 Rc7 26. c4 bxc4 27.
Nxc4 d5 28. Ne3 Bxb4 29. Bxa6 Ke7 30. a4 Rb8 31. Bb5 f5 32. Nc2 Bd6 33. Nbd4 Kf6
34. Re1 e5 35. Nf3 e4 36. Nfd4 Bxh2 37. Rh1 Be5 38. Rxh7 Rxc2+ 39. Kxc2 Bxd4 40.
Kd2 f4 41. Rh5 g5 42. Rh6+ Ke5 43. Rh5 Be3+ 44. Ke2 Kf5 45. Rh6 d4 46. Bd7+ Ke5
47. a5 d3+ 0-1

[Event "Reykjavik Open 2018"]
[Site "Reykjavik ISL"]
[Date "2018.03.07"]
[Round "2.104"]
[White "Flynn, Jacob"]
[Black "Tummasarson, Flovin M."]
[Result "1-0"]
[WhiteElo "1710"]
[BlackElo "1303"]
[WhiteFideId "2509393"]
[BlackFideId "7202431"]
[EventDate "2018.03.06"]

1. d4 d5 2. c4 e6 3. Nc3 Nf6 4. cxd5 exd5 5. Bg5 Be7 6. Qc2 Nbd7 7. e3 O-O 8.
Bd3 h6 9. Bh4 c6 10. Nf3 b6 11. O-O Bb7 12. Rab1 c5 13. Rfd1 Re8 14. Rbc1 Ne4
15. Nxe4 Bxh4 16. Nd6 Be7 17. Nxe8 Qxe8 18. Qe2 Nf6 19. Ba6 Bc6 20. Ne5 Rb8 21.
Nxc6 Qxc6 22. Bd3 c4 23. Bb1 b5 24. e4 Re8 25. e5 Nd7 26. f4 f6 27. Qh5 Rf8 28.
Qg6 Rd8 29. Qh7+ Kf8 30. Bf5 fxe5 31. fxe5 1-0

[Event "Reykjavik Open 2018"]
[Site "Reykjavik ISL"]
[Date "2018.03.07"]
[Round "2.105"]
[White "Gunnarsson, Baltasar Mani Wedhol"]
[Black "Grymer-Hansen, Soren"]
[Result "1/2-1/2"]
[WhiteElo "1270"]
[BlackElo "1706"]
[WhiteFideId "2311917"]
[BlackFideId "1428543"]
[EventDate "2018.03.06"]

1. e4 e6 2. d4 a6 3. Nf3 b5 4. a3 Bb7 5. Bd3 c5 6. c3 Nf6 7. Bg5 Be7 8. Bxf6
Bxf6 9. O-O g6 10. Nbd2 cxd4 11. cxd4 d5 12. e5 Bg7 13. Nb3 Nd7 14. Rc1 Rc8 15.
Rxc8 Qxc8 16. Qd2 O-O 17. Rc1 Qb8 18. Na5 Ba8 19. Rc2 Nb6 20. Nc6 Qb7 21. Na5
Qd7 22. Nb3 Nc4 23. Qc1 Qd8 24. Nbd2 Bh6 25. b3 Nxd2 26. Nxd2 Qb6 27. Qb2 b4 28.
Nf3 bxa3 29. Qxa3 Rb8 30. Bxa6 Bc6 31. Bf1 Bb5 32. Bxb5 Qxb5 33. Rc3 Qe2 34. g3
Bf8 35. Qc1 Qa2 36. Qe3 1/2-1/2

[Event "Reykjavik Open 2018"]
[Site "Reykjavik ISL"]
[Date "2018.03.07"]
[Round "2.106"]
[White "Johannesson, Haki"]
[Black "Fjallheim, Benjamin Reinert"]
[Result "1-0"]
[WhiteElo "1696"]
[BlackElo "1293"]
[WhiteFideId "2304694"]
[BlackFideId "7202008"]
[EventDate "2018.03.06"]

1. e4 e5 2. Nf3 Nc6 3. Bb5 a6 4. Ba4 b5 5. Bb3 Nf6 6. d3 Bb7 7. Nc3 Bc5 8. Bg5
h6 9. Bh4 g5 10. Bg3 d6 11. h3 Qd7 12. Nd5 Nxd5 13. Bxd5 O-O-O 14. Qd2 Nd4 15.
Bxb7+ Kxb7 16. Nxd4 exd4 17. O-O f5 18. exf5 Qxf5 19. b4 Bb6 20. a4 h5 21. f3
Qg6 22. axb5 axb5 23. Kh1 g4 24. h4 Rhf8 25. f4 Rf5 26. Rfe1 Qf7 27. Qe2 Rf8 28.
Qe6 Rf6 29. Qxf7 R6xf7 30. Bh2 Kc6 31. g3 Kd7 32. Bg1 Re7 33. Rxe7+ Kxe7 34. Kg2
Re8 35. Re1+ Kd7 36. Rxe8 Kxe8 37. Kf2 Ke7 38. Ke2 c5 39. bxc5 dxc5 40. Bf2 Kd6
41. Be1 Kd5 42. Kd1 c4 43. Bb4 Bc5 44. Bxc5 Kxc5 45. Kc1 cxd3 46. cxd3 b4 47.
Kb2 Kc6 48. Kb3 Kb5 49. f5 Kc5 50. f6 Kd6 51. f7 Ke7 52. f8=Q+ Kxf8 53. Kxb4 Ke7
54. Kc4 Ke6 55. Kxd4 Kd6 56. Ke4 Ke6 57. Kf4 Kf6 58. d4 Kg6 59. Ke5 Kf7 60. Kf5
Ke7 61. Kg5 Ke6 62. Kxh5 Kd5 63. Kxg4 Kxd4 64. Kf5 1-0